Сребърната пътека | Далечна Патагония (Запис номер 121481)
[ съкратено ]
| 000 -Лидер | |
|---|---|
| Контролно поле с фиксирана дължина | nam a22 a 4500 |
| 003 - Код на организацията, давaща контролен номер | |
| Контролно поле | BLK |
| 005 - Дата и час на последна редакция | |
| Контролно поле | 20220705082705.0 |
| 008 - Елементи от данни с фиксирана дължина | |
| fixed length control field | 180409b bul|||||r ||||||| ||bul|| |
| 010 ## - Наследен системен номер | |
| LC control number | KNG00127105000 |
| 040 ## - Източник на каталожния запис | |
| Идентификатор на билиотеката - собственик на записа | BLK |
| 041 ## - Код за език | |
| Код за езика на текст/звукозапис или на отделно заглавие | Български |
| Код за езика КДБФ | Български |
| 080 ## - УДК | |
| Текстов определител УДК | Българска литература |
| УДК код - определител по УДК | 821.163.2 |
| УДК определител | -32 |
| УДК - код + определител | 821.163.2-32 |
| 100 1# - Редна дума - Автор | |
| Автор | Аржентински, Иван |
| Авторска отговорност | първи автор |
| Автор - информация (биография) | Василев, Иван Иванов |
| R(LIN) | 33402 |
| 139 ## - Редно поле | |
| Редна дума | Аржентински, Иван |
| 245 10 - Сведения за заглавието | |
| Заглавие | Сребърната пътека |
| Редно поле (дума) | Иван Аржентински. |
| 245 10 - Сведения за заглавието | |
| Заглавие | Далечна Патагония |
| Подзаглавни данни | Повести |
| 257 ## - Страна на издаване | |
| Страна на създаване/издаване | България |
| 260 ## - Област на издателските данни | |
| Място на издаване, разпространение и проч. | София |
| Име на издателя, разпространителя и проч. | Бълг. писател |
| Година на издаване | 1970 |
| 300 ## - Физическа характеристика | |
| Страници | 528 с., 1 л. |
| Илюстрации и др. | портр. |
| Размери/Мащаб | 22 см |
| 380 ## - Жанр | |
| Жанр | Худож. лит. |
| 490 ## - СЕРИИ (Колекции) | |
| Име на серия | Избрани произведения |
| 9 (RLIN) | 203680 |
| 500 ## - Общи забележки | |
| Забележка | Сребърната пътека - 2. изд. ; Далечна Патагония - 3. изд. |
| 852 ## - Местоположение | |
| Форматна сигнатура | Цб 56619 |
| Фондова буква | Хранилище |
| 999 ## - СИСТЕМНИ КОНТРОЛНИ НОМЕРА | |
| Koha biblionumber | 121481 |
| Koha biblioitemnumber | 121481 |
| 942 ## - АРТИКУЛИ | |
| Вид на библиотечния материал | Книги |
| Скрит в OPAC | Не |
| Периодичен библиозапис | Да |
| 944 ## - СЪЗДАВАНЕ И РЕДАКЦИЯ на ЗАПИСА | |
| Създаване/Редакция | Създаване |
| Дата на регистрацията/редакция | 08.02.2012 |
| Статус, дата на статуса | 08.02.2012 - от С1,Р / 08.02.2012 |
| Служител, извършил регистрацията/редакцията | Елица_Владова |
| 944 ## - СЪЗДАВАНЕ И РЕДАКЦИЯ на ЗАПИСА | |
| Създаване/Редакция | Редакция |
| Дата на регистрацията/редакция | 2022-07-05 |
| Служител, извършил регистрацията/редакцията | ГГГ |
| Код за отписване | Код за изгубен артикул | Източник на класификационната схема | Код за повреда | Коз за рестрикции | Код за отдаване | Артикулен № | Име на библиотеката - собственик | Име на библиотеката, в която се намира в момента | Статус (Текущо местоположение) | Дата на вписване в системата | Местоположение - отдел | Цена в лева | Инвентарен номер | Систематично азбучна сигнатура | Баркод | Номер на екземпляра | Цена в евро | Служебна бележка | Служебен тип на артикула | Бележка за публиката |
|---|---|---|---|---|---|---|---|---|---|---|---|---|---|---|---|---|---|---|---|---|
| Не е изгубен | Universal Decimal Classification | Не е повреден | само за читалня | ползва се в читалня | 196338 | Регионална библиотека "Любен Каравелов" Русе | Регионална библиотека "Любен Каравелов" Русе | Хранилище | 2022-07-05 | Хранилище | 2.21 | 87543 | Цб 56619 | 120000087543 | 1 | 1.13 | N: стар фонд Дата: 01.01.1970 | Книги | ||
| Изтеглен | Не е изгубен | Не е повреден | само за читалня | Специални фондове ( старопечатни, редки и ценни, фонд М. Арнаудов) | 196339 | Регионална библиотека "Любен Каравелов" Русе | Регионална библиотека "Любен Каравелов" Русе | Отчислена | 1970-01-01 | Отчислена | 0.00 | 87592 | П 886.7-32/А 83 | 87592 | 2 | 0.00 | N: стар фонд Дата: 01.01.1970 | Книги | ||
| Изтеглен | Не е изгубен | Не е повреден | без рестрикции | заемане за дома | 196340 | Регионална библиотека "Любен Каравелов" Русе | Регионална библиотека "Любен Каравелов" Русе | 1970-01-01 | Заемна - подръчен фонд | 2.21 | 87595 | П 886.7-32/А 83 | 87595 | 3 | 1.13 | N: стар фонд Дата: 01.01.1970 | Книги | Отч.N: 22/2018 , Дата: 26.03.2018 | ||
| Изтеглен | Не е изгубен | Universal Decimal Classification | Не е повреден | без рестрикции | ползва се в читалня | 196341 | Регионална библиотека "Любен Каравелов" Русе | Регионална библиотека "Любен Каравелов" Русе | Детски отдел | 1970-01-01 | Детски отдел | 0.00 | 88128 | Д 821.163.2/А 83 | 88128 | 4 | 0.00 | N: стар фонд Дата: 01.01.1970 Дата инв: 31.08.2015 Бележки инв: Д2015 | Книги |